Math and art: an introduction to visual mathematics (Record no. 50632)

MARC details
000 -LEADER
fixed length control field 00824nam a2200217 a 4500
008 - FIXED-LENGTH DATA ELEMENTS--GENERAL INFORMATION
fixed length control field 160422c20089999||||||||||||||||| || u
020 ## - INTERNATIONAL STANDARD BOOK NUMBER
International Standard Book Number 9781584889137
050 ## - LIBRARY OF CONGRESS CALL NUMBER
Classification number CD/QA 445 Kal
100 ## - MAIN ENTRY--PERSONAL NAME
Personal name Padmanabhan, R
245 10 - TITLE STATEMENT
Title Math and art: an introduction to visual mathematics
Statement of responsibility, etc. by Sasho Kalajdzievski in collaboration with R. Padmanabhan
Medium [cd-rom]
260 ## - PUBLICATION, DISTRIBUTION, ETC.
Place of publication, distribution, etc. Boca Raton, FL:
Name of publisher, distributor, etc. Taylor & Francis
Date of publication, distribution, etc. 2008
300 ## - PHYSICAL DESCRIPTION
Extent 4 3/4 in
350 ## - PRICE (NR) (BK AM CF MU VM SE) [OBSOLETE]
Price 0.00
500 ## - GENERAL NOTE
General note Accompanied by a textbook available in main collection
650 ## - SUBJECT ADDED ENTRY--TOPICAL TERM
Topical term or geographic name entry element Geometry
650 #0 - SUBJECT ADDED ENTRY--TOPICAL TERM
Topical term or geographic name entry element MATHEMATICS--HANDBOOKS, MANUALS, ETC
650 ## - SUBJECT ADDED ENTRY--TOPICAL TERM
Topical term or geographic name entry element GEOMETRY IN ART
650 ## - SUBJECT ADDED ENTRY--TOPICAL TERM
Topical term or geographic name entry element DESIGN
700 ## - ADDED ENTRY--PERSONAL NAME
Personal name Kalajdzievski, Sasho
995 ## - RECOMMENDATION 995 [LOCAL, UNIMARC FRANCE]
-- CBU-MAIN LIBRARY (Kitwe)
-- 0.00
-- 1
-- AVAILABLE
-- Apr 22, 2016
-- e-Media Collection
Holdings
Withdrawn status Lost status Source of classification or shelving scheme Damaged status Not for loan Home library Current library Shelving location Date acquired Total Checkouts Full call number Barcode Date last seen Price effective from Koha item type
          CBU-MAIN LIBRARY, KITWE. CBU-MAIN LIBRARY, KITWE.   11/30/2022   CD/QA 445 Kal 20141045 11/30/2022 11/30/2022 MONOGRAPH